[Event "ODJM C 2025"]
[Site "Willingen GER"]
[Date "2025.06.08"]
[Round "1"]
[White "Neumann, Viktoria"]
[Black "Kutz, Henning Jasper"]
[Result "1/2-1/2"]
[Termination "normal"]
[Board "15"]
[WhiteElo "972"]
[BlackElo "1552"]
[WhiteClock "01:10:05"]
[BlackClock "01:20:52"]
[PlyCount "36"]
[WhiteFideId "34697292"]
[BlackFideId "34612882"]
[EventCountry "GER"]
[EventRounds "9"]
[EventType "swiss"]
[EventDate "2025.06.07"]

1. e4 {[%clk 01:30:56]} {[%emt 00:00:03]} e5 {[%clk 01:30:56]} {[%emt
00:00:04]} 2. Nf3 {[%clk 01:31:15]} {[%emt 00:00:12]} Nc6 {[%clk 01:31:19]}
{[%emt 00:00:07]} 3. Bb5 {[%clk 01:31:33]} {[%emt 00:00:11]} d6 {[%clk
01:31:41]} {[%emt 00:00:08]} 4. O-O {[%clk 01:31:43]} {[%emt 00:00:20]} Nf6
{[%clk 01:31:57]} {[%emt 00:00:15]} 5. Re1 {[%clk 01:31:06]} {[%emt 00:01:06]}
Be7 {[%clk 01:32:11]} {[%emt 00:00:17]} 6. h3 {[%clk 01:30:44]} {[%emt
00:00:52]} O-O {[%clk 01:32:32]} {[%emt 00:00:10]} 7. d3 {[%clk 01:30:55]}
{[%emt 00:00:18]} h6 {[%clk 01:32:56]} {[%emt 00:00:07]} 8. Nbd2 {[%clk
01:31:03]} {[%emt 00:00:21]} a6 {[%clk 01:33:19]} {[%emt 00:00:07]} 9. Ba4
{[%clk 01:31:17]} {[%emt 00:00:16]} Bd7 {[%clk 01:33:36]} {[%emt 00:00:13]} 10.
c3 {[%clk 01:30:50]} {[%emt 00:00:56]} Qc8 {[%clk 01:29:54]} {[%emt 00:04:12]}
11. Kh2 {[%clk 01:27:31]} {[%emt 00:03:49]} Nh5 {[%clk 01:28:46]} {[%emt
00:01:38]} 12. Bc2 {[%clk 01:22:16]} {[%emt 00:05:45]} Nf4 {[%clk 01:25:54]}
{[%emt 00:03:23]} 13. Nf1 {[%clk 01:19:23]} {[%emt 00:03:22]} Ng6 {[%clk
01:24:56]} {[%emt 00:01:29]} 14. Ng3 {[%clk 01:18:04]} {[%emt 00:01:49]} Be6
{[%clk 01:24:08]} {[%emt 00:01:18]} 15. Be3 {[%clk 01:11:55]} {[%emt 00:06:38]}
Qd7 {[%clk 01:22:02]} {[%emt 00:02:37]} 16. Qd2 {[%clk 01:10:21]} {[%emt
00:02:03]} Kh7 {[%clk 01:21:43]} {[%emt 00:00:50]} 17. d4 {[%clk 01:09:49]}
{[%emt 00:01:01]} exd4 {[%clk 01:21:33]} {[%emt 00:00:42]} 18. cxd4 {[%clk
01:10:05]} {[%emt 00:00:13]} d5 {[%clk 01:20:52]} {[%emt 00:01:10]} 19. Bb3
{[%clk 01:01:59]} {[%emt 00:13:37]} Bb4 {[%clk 01:20:08]} {[%emt 00:00:04]} 20.
Qe2 {[%clk 00:56:47]} {[%emt 00:01:52]} Bxe1 {[%clk 01:20:16]} {[%emt
00:00:22]} 21. Rxe1 {[%clk 00:57:08]} {[%emt 00:00:09]} dxe4 {[%clk 01:20:02]}
{[%emt 00:00:44]} 22. Nxe4 {[%clk 00:53:36]} {[%emt 00:04:01]} Bxb3 {[%clk
01:20:08]} {[%emt 00:00:25]} 23. axb3 {[%clk 00:51:56]} {[%emt 00:02:11]} Rfe8
{[%clk 01:18:50]} {[%emt 00:01:48]} 24. Nc5 {[%clk 00:49:54]} {[%emt 00:02:32]}
Qd6+ {[%clk 01:18:18]} {[%emt 00:01:01]} 25. Kg1 {[%clk 00:49:22]} {[%emt
00:01:02]} Rab8 {[%clk 01:17:56]} {[%emt 00:00:53]} 26. Qd2 {[%clk 00:48:23]}
{[%emt 00:01:29]} Nce7 {[%clk 01:14:22]} {[%emt 00:04:04]} 27. Ne4 {[%clk
00:46:52]} {[%emt 00:02:00]} Qc6 {[%clk 01:13:37]} {[%emt 00:01:15]} 28. Ng3
{[%clk 00:45:10]} {[%emt 00:02:11]} Nd5 {[%clk 01:11:52]} {[%emt 00:02:16]} 29.
Nf5 {[%clk 00:36:38]} {[%emt 00:09:03]} Nxe3 {[%clk 01:11:39]} {[%emt
00:00:43]} 30. fxe3 {[%clk 00:36:08]} {[%emt 00:01:00]} Qd5 {[%clk 01:10:00]}
{[%emt 00:02:08]} 31. Qd3 {[%clk 00:35:43]} {[%emt 00:00:55]} Qb5 {[%clk
01:07:56]} {[%emt 00:02:32]} 32. Qc2 {[%clk 00:35:32]} {[%emt 00:00:44]} Qc6
{[%clk 01:07:57]} {[%emt 00:00:28]} 33. Qd3 {[%clk 00:34:48]} {[%emt 00:01:14]}
Qe4 {[%clk 01:08:01]} {[%emt 00:00:27]} 34. Qxe4 {[%clk 00:32:32]} {[%emt
00:02:46]} Rxe4 {[%clk 01:08:15]} {[%emt 00:00:16]} 35. g4 {[%clk 00:32:20]}
{[%emt 00:00:41]} f6 {[%clk 01:07:17]} {[%emt 00:01:29]} 36. Nd2 {[%clk
00:29:54]} {[%emt 00:02:56]} Re6 {[%clk 01:06:58]} {[%emt 00:00:47]} 37. h4
{[%clk 00:29:09]} {[%emt 00:01:16]} Rc6 {[%clk 01:03:51]} {[%emt 00:03:37]} 38.
Rb1 {[%clk 00:26:09]} {[%emt 00:03:30]} Re8 {[%clk 01:02:28]} {[%emt 00:01:54]}
39. Kf1 {[%clk 00:25:01]} {[%emt 00:01:37]} Ne7 {[%clk 01:01:20]} {[%emt
00:01:38]} 40. Nxe7 {[%clk 00:21:43]} {[%emt 00:03:48]} Rxe7 {[%clk 01:01:44]}
{[%emt 00:00:07]} 41. Ke2 {[%clk 00:21:46]} {[%emt 00:00:26]} Rce6 {[%clk
01:01:08]} {[%emt 00:01:06]} 42. e4 {[%clk 00:20:00]} {[%emt 00:02:16]} g6
{[%clk 01:00:00]} {[%emt 00:01:37]} 43. Kf3 {[%clk 00:19:52]} {[%emt 00:00:39]}
Rd6 {[%clk 00:58:50]} {[%emt 00:01:41]} 44. d5 {[%clk 00:18:35]} {[%emt
00:01:47]} c6 {[%clk 00:58:46]} {[%emt 00:00:33]} 45. Nc4 {[%clk 00:18:11]}
{[%emt 00:00:54]} Rd8 {[%clk 00:58:44]} {[%emt 00:00:33]} 46. Rd1 {[%clk
00:18:01]} {[%emt 00:00:40]} cxd5 {[%clk 00:58:28]} {[%emt 00:00:46]} 47. exd5
{[%clk 00:17:04]} {[%emt 00:01:26]} Red7 {[%clk 00:57:33]} {[%emt 00:01:25]}
48. Ke4 {[%clk 00:16:33]} {[%emt 00:01:01]} b5 {[%clk 00:56:29]} {[%emt
00:01:34]} 49. Ne3 {[%clk 00:16:07]} {[%emt 00:00:57]} Re7+ {[%clk 00:53:24]}
{[%emt 00:03:35]} 50. Kd4 {[%clk 00:15:49]} {[%emt 00:00:44]} Rde8 {[%clk
00:53:05]} {[%emt 00:00:53]} 51. Rd3 {[%clk 00:15:39]} {[%emt 00:00:39]} Re4+
{[%clk 00:52:02]} {[%emt 00:01:33]} 52. Kc5 {[%clk 00:15:48]} {[%emt 00:00:22]}
R4e7 {[%clk 00:51:29]} {[%emt 00:01:02]} 53. d6 {[%clk 00:15:34]} {[%emt
00:00:44]} Rd7 {[%clk 00:50:35]} {[%emt 00:01:25]} 54. Kc6 {[%clk 00:15:31]}
{[%emt 00:00:33]} Red8 {[%clk 00:50:59]} {[%emt 00:00:06]} 55. Rd5 {[%clk
00:10:41]} {[%emt 00:05:19]} Kg7 {[%clk 00:50:57]} {[%emt 00:00:32]} 56. Nf5+
{[%clk 00:07:58]} {[%emt 00:03:12]} gxf5 {[%clk 00:50:45]} {[%emt 00:00:43]}
57. gxf5 {[%clk 00:08:17]} {[%emt 00:00:11]} Kf7 {[%clk 00:50:03]} {[%emt
00:01:12]} 58. h5 {[%clk 00:08:25]} {[%emt 00:00:22]} Ke8 {[%clk 00:49:49]}
{[%emt 00:00:44]} 59. Rd1 {[%clk 00:08:30]} {[%emt 00:00:24]} Rc8+ {[%clk
00:49:32]} {[%emt 00:00:47]} 60. Kd5 {[%clk 00:08:10]} {[%emt 00:00:52]} Kf7
{[%clk 00:49:09]} {[%emt 00:00:53]} 61. Rd2 {[%clk 00:08:01]} {[%emt 00:00:38]}
Rcd8 {[%clk 00:47:52]} {[%emt 00:01:48]} 62. Kc6 {[%clk 00:08:20]} {[%emt
00:00:10]} Kf8 {[%clk 00:47:26]} {[%emt 00:00:56]} 63. Rd1 {[%clk 00:08:24]}
{[%emt 00:00:26]} Rg7 {[%clk 00:47:08]} {[%emt 00:00:47]} 64. d7 {[%clk
00:08:34]} {[%emt 00:00:21]} Kf7 {[%clk 00:46:33]} {[%emt 00:01:05]} 65. Kc7
{[%clk 00:08:23]} {[%emt 00:00:42]} Rgg8 {[%clk 00:46:56]} {[%emt 00:00:07]}
66. Re1 {[%clk 00:08:12]} {[%emt 00:00:41]} Ra8 {[%clk 00:45:23]} {[%emt
00:02:05]} 67. Rd1 {[%clk 00:07:13]} {[%emt 00:01:28]} Rgd8 {[%clk 00:44:51]}
{[%emt 00:01:00]} 68. Re1 {[%clk 00:07:26]} {[%emt 00:00:18]} Rab8 {[%clk
00:44:17]} {[%emt 00:01:04]} 69. Re2 {[%clk 00:07:38]} {[%emt 00:00:18]} Ra8
{[%clk 00:43:38]} {[%emt 00:01:10]} 70. Re1 {[%clk 00:07:56]} {[%emt 00:00:11]}
Rf8 {[%clk 00:43:16]} {[%emt 00:00:52]} 71. Rd1 {[%clk 00:08:01]} {[%emt
00:00:26]} Ra7+ {[%clk 00:42:39]} {[%emt 00:01:07]} 72. Kb6 {[%clk 00:07:57]}
{[%emt 00:00:33]} Raa8 {[%clk 00:42:49]} {[%emt 00:00:20]} 73. Kc7 {[%clk
00:08:01]} {[%emt 00:00:26]} Rfd8 {[%clk 00:42:13]} {[%emt 00:01:06]} 74. Re1
{[%clk 00:07:48]} {[%emt 00:00:44]} Rab8 {[%clk 00:41:30]} {[%emt 00:01:14]}
1/2-1/2

[Event "ODJM C 2025"]
[Site "Willingen GER"]
[Date "2025.06.08"]
[Round "1"]
[White "Datta, Satadru"]
[Black "Prokscha, Kilian"]
[Result "1-0"]
[Termination "normal"]
[Board "16"]
[WhiteElo "1458"]
[BlackElo "970"]
[WhiteClock "01:12:21"]
[BlackClock "01:25:30"]
[PlyCount "35"]
[WhiteFideId "34637931"]
[BlackFideId "533002843"]
[EventCountry "GER"]
[EventRounds "9"]
[EventType "swiss"]
[EventDate "2025.06.07"]

1. e4 {[%clk 01:30:55]} {[%emt 00:00:04]} c6 {[%clk 01:30:55]} {[%emt
00:00:05]} 2. d4 {[%clk 01:31:09]} {[%emt 00:00:16]} d5 {[%clk 01:31:17]}
{[%emt 00:00:08]} 3. Nc3 {[%clk 01:30:49]} {[%emt 00:00:50]} dxe4 {[%clk
01:31:37]} {[%emt 00:00:10]} 4. Nxe4 {[%clk 01:30:53]} {[%emt 00:00:26]} Bf5
{[%clk 01:31:50]} {[%emt 00:00:17]} 5. Ng3 {[%clk 01:30:44]} {[%emt 00:00:39]}
Qd7 {[%clk 01:30:39]} {[%emt 00:01:42]} 6. Nf3 {[%clk 01:28:22]} {[%emt
00:02:51]} Nf6 {[%clk 01:30:02]} {[%emt 00:01:07]} 7. Bc4 {[%clk 01:27:20]}
{[%emt 00:01:31]} b5 {[%clk 01:28:31]} {[%emt 00:02:03]} 8. Bb3 {[%clk
01:26:46]} {[%emt 00:01:04]} e6 {[%clk 01:28:33]} {[%emt 00:00:28]} 9. O-O
{[%clk 01:25:04]} {[%emt 00:02:11]} Bd6 {[%clk 01:27:20]} {[%emt 00:01:43]} 10.
Nxf5 {[%clk 01:18:10]} {[%emt 00:07:25]} exf5 {[%clk 01:27:04]} {[%emt
00:00:44]} 11. Re1+ {[%clk 01:16:27]} {[%emt 00:02:14]} Be7 {[%clk 01:26:23]}
{[%emt 00:01:11]} 12. Ne5 {[%clk 01:12:53]} {[%emt 00:04:02]} Bb4 {[%clk
01:24:43]} {[%emt 00:02:12]} 13. Nxd7+ {[%clk 01:10:53]} {[%emt 00:02:31]} Bxe1
{[%clk 01:24:44]} {[%emt 00:00:28]} 14. Nxf6+ {[%clk 01:11:04]} {[%emt
00:00:19]} gxf6 {[%clk 01:24:54]} {[%emt 00:00:19]} 15. Qxe1+ {[%clk 01:11:26]}
{[%emt 00:00:09]} Kf8 {[%clk 01:25:16]} {[%emt 00:00:08]} 16. Bh6+ {[%clk
01:11:32]} {[%emt 00:00:24]} Kg8 {[%clk 01:25:25]} {[%emt 00:00:21]} 17. Qe7
{[%clk 01:11:55]} {[%emt 00:00:06]} Na6 {[%clk 01:25:30]} {[%emt 00:00:26]} 18.
Qxf7# {[%clk 01:12:21]} {[%emt 00:00:03]} 1-0

[Event "ODJM C 2025"]
[Site "Willingen GER"]
[Date "2025.06.08"]
[Round "1"]
[White "Lohmüller, Leona"]
[Black "Winkler, Theo"]
[Result "0-1"]
[Termination "normal"]
[Board "17"]
[WhiteElo "956"]
[BlackElo "1466"]
[WhiteClock "01:28:48"]
[BlackClock "01:26:39"]
[PlyCount "78"]
[WhiteFideId "533025517"]
[BlackFideId "34622330"]
[EventCountry "GER"]
[EventRounds "9"]
[EventType "swiss"]
[EventDate "2025.06.07"]

1. e4 {[%clk 01:30:59]} c5 {[%clk 01:30:56]} {[%emt 00:00:05]} 2. Nf3 {[%clk
01:31:20]} {[%emt 00:00:09]} Nc6 {[%clk 01:31:19]} {[%emt 00:00:06]} 3. Nc3
{[%clk 01:31:12]} {[%emt 00:00:38]} d6 {[%clk 01:31:33]} {[%emt 00:00:16]} 4.
Bc4 {[%clk 01:31:13]} {[%emt 00:00:30]} e6 {[%clk 01:31:30]} {[%emt 00:00:31]}
5. d3 {[%clk 01:31:16]} {[%emt 00:00:28]} Nf6 {[%clk 01:31:47]} {[%emt
00:00:14]} 6. Bg5 {[%clk 01:30:42]} {[%emt 00:01:03]} Be7 {[%clk 01:31:41]}
{[%emt 00:00:35]} 7. Bxf6 {[%clk 01:29:48]} {[%emt 00:01:26]} Bxf6 {[%clk
01:32:02]} {[%emt 00:00:07]} 8. O-O {[%clk 01:29:57]} {[%emt 00:00:22]} a6
{[%clk 01:31:25]} {[%emt 00:01:07]} 9. a3 {[%clk 01:29:53]} {[%emt 00:00:34]}
b5 {[%clk 01:31:11]} {[%emt 00:00:44]} 10. Ba2 {[%clk 01:29:55]} {[%emt
00:00:28]} b4 {[%clk 01:26:33]} {[%emt 00:05:08]} 11. axb4 {[%clk 01:29:27]}
{[%emt 00:00:58]} cxb4 {[%clk 01:26:51]} {[%emt 00:00:11]} 12. Ne2 {[%clk
01:29:18]} {[%emt 00:00:40]} Bxb2 {[%clk 01:26:55]} {[%emt 00:00:26]} 13. Rb1
{[%clk 01:29:31]} {[%emt 00:00:18]} Bf6 {[%clk 01:27:04]} {[%emt 00:00:19]} 14.
d4 {[%clk 01:29:01]} {[%emt 00:01:02]} a5 {[%clk 01:24:41]} {[%emt 00:02:53]}
15. d5 {[%clk 01:28:21]} {[%emt 00:01:10]} Ne5 {[%clk 01:23:53]} {[%emt
00:01:17]} 16. Nf4 {[%clk 01:26:55]} {[%emt 00:01:56]} Nxf3+ {[%clk 01:22:18]}
{[%emt 00:02:05]} 17. Qxf3 {[%clk 01:27:01]} {[%emt 00:00:24]} e5 {[%clk
01:22:41]} {[%emt 00:00:06]} 18. Nh5 {[%clk 01:25:43]} {[%emt 00:01:50]} Rg8
{[%clk 01:22:20]} {[%emt 00:00:50]} 19. Nxf6+ {[%clk 01:25:33]} {[%emt
00:00:40]} Qxf6 {[%clk 01:22:42]} {[%emt 00:00:07]} 20. Qxf6 {[%clk 01:25:52]}
{[%emt 00:00:12]} gxf6 {[%clk 01:22:58]} {[%emt 00:00:14]} 21. g3 {[%clk
01:25:25]} {[%emt 00:00:57]} f5 {[%clk 01:22:44]} {[%emt 00:00:44]} 22. exf5
{[%clk 01:25:31]} {[%emt 00:00:24]} Bxf5 {[%clk 01:23:09]} {[%emt 00:00:06]}
23. Bc4 {[%clk 01:25:49]} {[%emt 00:00:12]} Bxc2 {[%clk 01:22:15]} {[%emt
00:01:23]} 24. Bb5+ {[%clk 01:26:12]} {[%emt 00:00:07]} Ke7 {[%clk 01:22:30]}
{[%emt 00:00:15]} 25. Bc6 {[%clk 01:26:28]} {[%emt 00:00:14]} Bxb1 {[%clk
01:22:15]} {[%emt 00:00:45]} 26. Bxa8 {[%clk 01:26:51]} {[%emt 00:00:07]} Bd3
{[%clk 01:22:38]} {[%emt 00:00:07]} 27. Rd1 {[%clk 01:27:05]} {[%emt 00:00:16]}
Rxa8 {[%clk 01:23:01]} {[%emt 00:00:08]} 28. Rxd3 {[%clk 01:27:24]} {[%emt
00:00:10]} a4 {[%clk 01:23:26]} {[%emt 00:00:05]} 29. g4 {[%clk 01:27:17]}
{[%emt 00:00:37]} a3 {[%clk 01:23:49]} {[%emt 00:00:07]} 30. Rd1 {[%clk
01:26:24]} {[%emt 00:01:23]} a2 {[%clk 01:24:10]} {[%emt 00:00:10]} 31. Ra1
{[%clk 01:26:49]} {[%emt 00:00:05]} b3 {[%clk 01:24:36]} {[%emt 00:00:04]} 32.
g5 {[%clk 01:26:54]} {[%emt 00:00:24]} b2 {[%clk 01:25:00]} {[%emt 00:00:06]}
33. Rxa2 {[%clk 01:26:54]} {[%emt 00:00:31]} b1=Q+ {[%clk 01:25:21]} {[%emt
00:00:08]} 34. Kg2 {[%clk 01:27:10]} {[%emt 00:00:14]} Rxa2 {[%clk 01:25:44]}
{[%emt 00:00:07]} 35. g6 {[%clk 01:27:30]} {[%emt 00:00:10]} Qxg6+ {[%clk
01:26:03]} {[%emt 00:00:12]} 36. Kf3 {[%clk 01:27:52]} {[%emt 00:00:08]} Qf5+
{[%clk 01:26:17]} {[%emt 00:00:15]} 37. Kg3 {[%clk 01:28:10]} {[%emt 00:00:12]}
Ra3+ {[%clk 01:26:24]} {[%emt 00:00:24]} 38. Kh4 {[%clk 01:28:29]} {[%emt
00:00:11]} Qf4+ {[%clk 01:26:46]} {[%emt 00:00:07]} 39. Kh5 {[%clk 01:28:48]}
{[%emt 00:00:11]} Rh3# {[%clk 01:26:39]} {[%emt 00:00:06]} 0-1

[Event "ODJM C 2025"]
[Site "Willingen GER"]
[Date "2025.06.08"]
[Round "1"]
[White "Christoffers, Julia Anne"]
[Black "Fels, Henri"]
[Result "1-0"]
[Termination "normal"]
[Board "18"]
[WhiteElo "1587"]
[BlackElo "940"]
[WhiteClock "01:08:52"]
[BlackClock "01:08:47"]
[PlyCount "19"]
[WhiteFideId "16249895"]
[BlackFideId "533043779"]
[EventCountry "GER"]
[EventRounds "9"]
[EventType "swiss"]
[EventDate "2025.06.07"]

1. d4 {[%clk 01:30:57]} {[%emt 00:00:02]} d5 {[%clk 01:30:49]} {[%emt
00:00:12]} 2. Bf4 {[%clk 01:31:22]} {[%emt 00:00:04]} Nc6 {[%clk 01:30:47]}
{[%emt 00:00:32]} 3. e3 {[%clk 01:31:18]} {[%emt 00:00:34]} e6 {[%clk
01:30:42]} {[%emt 00:00:36]} 4. Nf3 {[%clk 01:30:34]} {[%emt 00:01:15]} Bd6
{[%clk 01:28:31]} {[%emt 00:02:41]} 5. Bg3 {[%clk 01:28:47]} {[%emt 00:02:16]}
Nf6 {[%clk 01:27:11]} {[%emt 00:01:49]} 6. c3 {[%clk 01:24:05]} {[%emt
00:05:13]} Ne4 {[%clk 01:23:29]} {[%emt 00:04:12]} 7. Bd3 {[%clk 01:15:33]}
{[%emt 00:09:02]} Nxg3 {[%clk 01:12:58]} {[%emt 00:11:01]} 8. hxg3 {[%clk
01:15:31]} {[%emt 00:00:33]} g6 {[%clk 01:11:54]} {[%emt 00:01:34]} 9. Nbd2
{[%clk 01:11:49]} {[%emt 00:04:11]} e5 {[%clk 01:08:47]} {[%emt 00:03:36]} 10.
e4 {[%emt 00:12:16]} f5 {[%clk 00:55:11]} {[%emt 00:05:18]} 11. exd5 {[%clk
01:03:52]} {[%emt 00:05:29]} e4 {[%clk 00:51:30]} {[%emt 00:04:11]} 12. dxc6
{[%clk 01:03:21]} {[%emt 00:01:02]} exd3 {[%clk 00:50:38]} {[%emt 00:01:21]}
13. Nc4 {[%clk 00:58:16]} {[%emt 00:05:35]} Qe7+ {[%clk 00:43:47]} {[%emt
00:07:21]} 14. Nfe5 {[%clk 00:55:44]} {[%emt 00:03:03]} b5 {[%emt 00:20:04]}
15. O-O {[%clk 00:53:07]} {[%emt 00:07:10]} bxc4 {[%clk 00:40:15]} {[%emt
00:01:15]} 16. Re1 {[%clk 00:53:01]} {[%emt 00:00:36]} Be6 {[%clk 00:30:04]}
{[%emt 00:10:41]} 17. Nxc4 {[%clk 00:49:02]} {[%emt 00:04:28]} O-O {[%clk
00:25:11]} {[%emt 00:05:23]} 18. d5 {[%clk 00:45:41]} {[%emt 00:03:51]} Rf6
{[%clk 00:19:51]} {[%emt 00:05:50]} 19. dxe6 {[%clk 00:43:17]} {[%emt
00:02:55]} Rxe6 {[%clk 00:18:59]} {[%emt 00:01:22]} 20. Rxe6 {[%clk 00:40:44]}
{[%emt 00:03:04]} Qxe6 {[%clk 00:18:13]} {[%emt 00:01:15]} 21. Qxd3 {[%clk
00:39:14]} {[%emt 00:02:00]} Bc5 {[%clk 00:16:15]} {[%emt 00:02:28]} 22. b4
{[%clk 00:35:45]} {[%emt 00:03:58]} Be7 {[%clk 00:15:07]} {[%emt 00:01:38]} 23.
b5 {[%clk 00:34:03]} {[%emt 00:02:12]} Rd8 {[%clk 00:11:41]} {[%emt 00:03:57]}
24. Qf1 {[%clk 00:31:53]} {[%emt 00:02:40]} Bf6 {[%clk 00:08:53]} {[%emt
00:03:18]} 25. Rc1 {[%clk 00:29:33]} {[%emt 00:02:49]} Rd5 {[%clk 00:03:39]}
{[%emt 00:05:45]} 26. Ne3 {[%clk 00:26:40]} {[%emt 00:03:23]} Rc5 {[%clk
00:03:32]} {[%emt 00:00:37]} 27. c4 {[%clk 00:26:04]} {[%emt 00:01:06]} Bg5
{[%clk 00:03:20]} {[%emt 00:00:42]} 28. Qd3 {[%clk 00:24:29]} {[%emt 00:02:05]}
Re5 {[%clk 00:02:43]} {[%emt 00:01:07]} 29. Re1 {[%clk 00:23:31]} {[%emt
00:01:28]} Kf7 {[%clk 00:01:18]} {[%emt 00:01:55]} 30. f4 {[%clk 00:23:07]}
{[%emt 00:00:53]} Bf6 {[%clk 00:00:57]} {[%emt 00:00:52]} 31. fxe5 {[%clk
00:23:18]} {[%emt 00:00:18]} Bxe5 {[%clk 00:01:18]} {[%emt 00:00:10]} 32. Nd5
{[%clk 00:22:07]} {[%emt 00:01:41]} h5 {[%clk 00:00:34]} {[%emt 00:01:14]} 33.
Nxc7 {[%clk 00:21:23]} {[%emt 00:01:14]} g5 {[%clk 00:00:31]} {[%emt 00:00:33]}
1-0

[Event "ODJM C 2025"]
[Site "Willingen GER"]
[Date "2025.06.08"]
[Round "1"]
[White "Giss, Marlene"]
[Black "Richter, Mila"]
[Result "1-0"]
[Termination "normal"]
[Board "19"]
[WhiteElo "939"]
[BlackElo "1231"]
[WhiteClock "01:27:54"]
[BlackClock "01:06:10"]
[PlyCount "52"]
[WhiteFideId "533018391"]
[BlackFideId "533025568"]
[EventCountry "GER"]
[EventRounds "9"]
[EventType "swiss"]
[EventDate "2025.06.07"]

1. c4 {[%clk 01:30:58]} {[%emt 00:47:25]} e5 {[%clk 01:30:58]} {[%emt
00:00:03]} 2. g3 {[%clk 01:31:13]} {[%emt 00:00:13]} Nf6 {[%clk 01:31:05]}
{[%emt 00:00:24]} 3. Bg2 {[%clk 01:31:28]} {[%emt 00:00:16]} Bc5 {[%clk
01:31:20]} {[%emt 00:00:15]} 4. d3 {[%clk 01:31:33]} {[%emt 00:00:25]} Ng4
{[%clk 01:31:22]} {[%emt 00:00:27]} 5. e3 {[%clk 01:30:56]} {[%emt 00:01:07]}
d6 {[%clk 01:31:13]} {[%emt 00:00:40]} 6. Nf3 {[%clk 01:31:05]} {[%emt
00:00:20]} Nc6 {[%clk 01:31:09]} {[%emt 00:00:35]} 7. Nc3 {[%clk 01:30:55]}
{[%emt 00:00:39]} Nf6 {[%clk 01:30:41]} {[%emt 00:00:59]} 8. Bd2 {[%clk
01:31:01]} {[%emt 00:00:23]} d5 {[%clk 01:30:25]} {[%emt 00:00:47]} 9. O-O
{[%clk 01:30:54]} {[%emt 00:00:37]} d4 {[%clk 01:30:14]} {[%emt 00:00:41]} 10.
exd4 {[%clk 01:30:57]} {[%emt 00:00:27]} exd4 {[%clk 01:30:24]} {[%emt
00:00:20]} 11. Ne2 {[%clk 01:31:00]} {[%emt 00:00:27]} O-O {[%clk 01:30:23]}
{[%emt 00:00:31]} 12. a3 {[%clk 01:30:44]} {[%emt 00:00:46]} a6 {[%clk
01:28:19]} {[%emt 00:02:35]} 13. b4 {[%clk 01:30:50]} {[%emt 00:00:23]} Ba7
{[%clk 01:28:27]} {[%emt 00:00:22]} 14. Bg5 {[%clk 01:30:17]} {[%emt 00:01:03]}
h6 {[%clk 01:28:13]} {[%emt 00:00:43]} 15. Bd2 {[%clk 01:30:05]} {[%emt
00:00:41]} Bf5 {[%clk 01:28:07]} {[%emt 00:00:39]} 16. Nf4 {[%clk 01:29:50]}
{[%emt 00:00:43]} Re8 {[%clk 01:26:59]} {[%emt 00:01:39]} 17. Re1 {[%clk
01:30:04]} {[%emt 00:00:16]} Qd6 {[%clk 01:22:42]} {[%emt 00:04:48]} 18. c5
{[%clk 01:29:14]} {[%emt 00:01:20]} Qd7 {[%clk 01:22:47]} {[%emt 00:00:24]} 19.
Qc2 {[%clk 01:28:17]} {[%emt 00:01:27]} b6 {[%clk 01:22:37]} {[%emt 00:00:41]}
20. cxb6 {[%clk 01:28:22]} {[%emt 00:00:26]} Bxb6 {[%clk 01:22:55]} {[%emt
00:00:11]} 21. Qa4 {[%clk 01:28:17]} {[%emt 00:00:34]} Rxe1+ {[%clk 01:22:33]}
{[%emt 00:00:52]} 22. Rxe1 {[%clk 01:28:21]} {[%emt 00:00:27]} Ra7 {[%clk
01:11:49]} {[%emt 00:11:14]} 23. Nh4 {[%clk 01:28:04]} {[%emt 00:00:38]} g5
{[%clk 01:06:30]} {[%emt 00:05:58]} 24. Nxf5 {[%clk 01:27:48]} {[%emt
00:00:45]} Qxf5 {[%clk 01:06:48]} {[%emt 00:00:13]} 25. Qxc6 {[%clk 01:28:02]}
{[%emt 00:00:16]} gxf4 {[%clk 01:07:02]} {[%emt 00:00:16]} 26. Bxf4 {[%clk
01:27:54]} {[%emt 00:00:38]} Kg7 {[%clk 01:06:10]} {[%emt 00:01:22]} 27. Be4
{[%clk 01:26:47]} {[%emt 00:08:43]} Qb5 {[%clk 01:05:39]} 28. Bxh6+ {[%clk
01:26:35]} Kxh6 {[%clk 01:03:29]} {[%emt 00:00:11]} 29. Qxf6+ {[%clk 01:26:46]}
{[%emt 00:00:03]} Kh5 {[%clk 01:03:18]} {[%emt 00:00:05]} 30. Qh4# {[%clk
01:27:00]} {[%emt 00:00:03]} 1-0

[Event "ODJM C 2025"]
[Site "Willingen GER"]
[Date "2025.06.08"]
[Round "1"]
[White "Frey, Jarmo"]
[Black "Rafikov, Artur"]
[Result "1-0"]
[Termination "normal"]
[Board "21"]
[WhiteElo "1404"]
[BlackElo "1423"]
[WhiteClock "01:30:59"]
[BlackClock "01:30:23"]
[PlyCount "45"]
[WhiteFideId "533001324"]
[BlackFideId "34642676"]
[EventCountry "GER"]
[EventRounds "9"]
[EventType "swiss"]
[EventDate "2025.06.07"]

1. e4 e5 2. Nf3 Nc6 3. Bc4 Bc5 4. d3 Nf6 5. Bg5 O-O 6. Nc3 Kh8 7. Nd5 Be7 8.
Qd2 h6 9. Bh4 Nxd5 10. exd5 Bxh4 11. Nxh4 Qxh4 12. dxc6 dxc6 13. O-O-O a5 14.
Rdg1 b5 15. Bxb5 cxb5 16. g3 Qe7 17. h4 Be6 18. b3 b4 19. g4 a4 20. h5 g5 21.
hxg6 Kg7 22. Qxh6+ Kf6 23. g7#